000 00668nam a22002297a 4500
008 150601b xxu||||| |||| 00| 0 eng d
020 _a0070610312
041 0 _aeng
080 _a331 BIG
245 0 0 _aMotivation and leadership at work /
_c[compiled by] Richard M. Steers, Lyman W. Porter, Gregory A. Bigley.
250 _a6th ed.
260 _aNew York :
_bMcGraw-Hill,
_cc1996.
300 _a766 f. :
_bme il.;
_c25 cm.
500 _aPreface: f.xiii-xiv
505 _aIndex: f.761-766
650 0 _aBurimet njerëzore
650 0 _aMotivimi
700 1 _aSteers, Richard M.
700 1 _aPorter, Lyman W.
700 1 _aBigley, Gregory A.
942 _2udc
_cBK
999 _c949
_d949